000 01039nam a22003617a 4500
001 BR9900559
003 BR-BrBNA
005 20230928100202.0
007 ta
008 230509b bl.||||| |||| 00| 0 por d
040 _aBR-BrBNA
_bpor
_cBiblioteca Nacional de Agricultura
041 _a(Por)
072 _aF30
_b0230
090 _ 0230 BR9900559
100 1 _aMatsuoka, S.
100 1 _aArizono, H.
100 1 _aBassinello, A.I.
100 1 _aGarcia, A.A.F.
100 1 _aGheller, A.C.A.
100 1 _aGiglioti, E.A.
100 1 _aHoffmann, H.P.
100 1 _aMasuda, Y.
110 1 _aUniversidade Federal de Sao Carlos, Araras, SP (Brasil). Centro de Ciencias Agrarias
_910942
245 1 _aSeis novas variedades RB de cana-de-acucar
260 3 _aAraras, SP (Brasil):
_c1998.
300 _a24 p.
500 _aSummaries (Eng, Por); 16 illus.
650 _aCana de Acucar
650 _aMelhoramento Genetico Vegetal
650 _aVariedade Resistente
909 _a202309
_bLucia
_c55
_dLucia Elande
942 _cBK
999 _c60617
_d60617